| 000 | 00481nam a2200145Ia 4500 | ||
|---|---|---|---|
| 008 | 231129s2003||||xx |||||||||||||| ||spa|| | ||
| 020 | _a968-24-4257-5 | ||
| 040 | _bspa | ||
| 082 | _a612.65 M171i | ||
| 100 | _aMacotela Silvia | ||
| 245 | 0 | _aInventario de habilidades básicas: Un modelo diagnóstico-prescriptivo para el manejo de problemas asociados al retardo en el desarrollo | |
| 260 | _c2003 | ||
| 264 | _aTrillas | ||
| 942 |
_2ddc _cBKS |
||
| 999 |
_c15982 _d15982 |
||